تدريب الراوي في شرح تقريب النواوي / (رقم التسجيلة. 26492)

تفاصيل مارك
000 -الفاتح
عناصر البيانات ثابتة الطول 00862cam a2200181 i 4500
005 - تاريخ ووقت آخر معاملة
حقل ضبط 20251111122037.0
008 - عناصر البيانات ثابتة الطول
عناصر البيانات ثابتة الطول 250721s1989 le gr 001 0 ara d
082 14 - رقم تصنيف ديوي العشري
رقم التصنيف 213
رقم المادة س ي و
100 1# - مدخل رئيسي – اسم شخصي
الاسم الشخصي السيوطي، جلال الدين عبد الرحمن بن أبي بكر
تواريخ خاصة بالشخص [ 849 - 911 ] ه،
علاقة الشخص بالعمل/ دوره مؤلف.
245 10 - بيان العنوان
العنوان تدريب الراوي في شرح تقريب النواوي /
بيان المسؤولية لخاتمه الحافظ جلال الدين عبد الرحمن بن أبي بكر السيوطي ؛ حققه و راجع أصوله عبد الوهاب عبد اللطيف.
250 ## - بيان الطبعة
بيان الطبعة الطبعة الثالثة.
264 1# - بيانات النشر، التوزيع…إلخ
مكان النشر، التوزيع...إلخ بيروت :
اسم الناشر، الموزع...إلخ دار الكتب العلميه،
تاريخ النشر، التوزيع...إلخ 1989.
300 ## - الوصف المادي
عدد الوحدات المكونة للوعاء 2 جزء.
650 17 - مدخل إضافي بالموضوع - مصطلح موضوعي
مصطلح موضوعي أو اسم جغرافي كعنصر مدخل الحديث النبوي.
700 1# - مدخل إضافي - اسم شخصي
الاسم الشخصي عبد اللطيف، عبد الوهاب
علاقة الشخص بالعمل/ دوره محقق.
942 ## - بيانات إضافية (كوها)
نوع التنصيف Dewey Decimal Classification
نوع المادة (كوها) مراجع
المقتنيات
حالة السحب حالة الفقدان مصدر التصنيف حالة التلف غير قابل للإعارة المكتبة الرئيسية المكتبة الحالية موقع الرف تاريخ التزويد الرقم المتسلسل Total Checkouts رقم الإستدعاء الباركود تاريخ آخر ظهور تاريخ الفاتورة نوع المادة (كوها)
    Dewey Decimal Classification   Not For Loan المكتبة المركزية المكتبة المركزية مراجع 06/07/2004 189785   م / 213 / س ي و 189785 28/07/2025 06/07/2004 مراجع
    Dewey Decimal Classification   Not For Loan المكتبة المركزية المكتبة المركزية مراجع 06/07/2004 189786   م / 213 / س ي و 189786 28/07/2025 06/07/2004 مراجع
Implemented & Customized by: BBB with SCIT (Smart Chains for Information Technology)

Powered by Koha